000 00349nam a22001457a 4500
003 OSt
008 220521b ||||| |||| 00| 0 eng d
020 _a978-1-61268-019-4
082 _a332.024 KIR
100 _aKIYOSAKI,Robert T
245 _aRich Dad Poor Dad
260 _aScottsdale
_bPlata Publishing
_c2017
300 _a352
942 _2ddc
_cBK
999 _c11223
_d11223